Una nación de enemigos: Chile bajo Pinochet

Guardat en:
Dades bibliogràfiques
Autors principals: Constable, Pamela (Autor), Valenzuela, Arturo (Autor)
Format: Llibre
Idioma:espanyol
Publicat: Santiago Ediciones Universidad Diego Portales 2013
Edició:1a. ed
Matèries:
Etiquetes: Afegir etiqueta
Sense etiquetes, Sigues el primer a etiquetar aquest registre!

MARC

LEADER 00000cam a2200000 a 4500
001 UCE1961
003 CL-VaPUC
008 140529e20131200cl |||||||||||||||||spa|d
020 |a 9789563142556 
082 0 4 |a 983.065  |b CON  |2 21 
100 0 |a Constable, Pamela  |e author  |9 574409 
700 0 |a Valenzuela, Arturo  |e author  |9 574410 
245 1 4 |a Una nación de enemigos: Chile bajo Pinochet 
250 |a 1a. ed 
300 |a 380 p 
942 |c BK 
945 |d 20140529 12:24:00  |a dcastane 
260 |a Santiago  |b Ediciones Universidad Diego Portales  |c 2013 
650 0 |a Historia de Chile siglo 20  |9 268145 
650 0 |a Dictadura militar  |9 389291 
650 0 |a Gobierno militar   |9 316360 
583 |a last modification  |c 20140529 12:24:00  |k Rodrigo Vera 
999 |c 355644  |d 355642 
952 |0 0  |1 0  |3 erb  |4 0  |6 983_065000000000000_CON_2013  |7 0  |8 A  |9 462422  |a BIBHIS  |b BIBHIS  |i 5080819  |l 5  |o 983.065 CON 2013  |p 5080819  |r 2025-01-20  |s 2024-10-21  |w 2019-11-23  |y BK  |z Catalogado en:20140529  |k HIS